[Event "Titled Tue 20th May Early"]
[Site "chess.com INT"]
[Date "2025.05.20"]
[Round "9"]
[White "Nielsen-Refs, Karl-Emil Elmer"]
[Black "Chelly, Yahya"]
[Result "1-0"]
[WhiteTitle "CM"]
[BlackTitle "CM"]
[WhiteElo "2095"]
[BlackElo "2039"]
[WhiteFideId "1452797"]
[BlackFideId "5516200"]
[EventDate "2025.05.20"]

1. d4 d5 2. c4 e6 3. Nc3 Nf6 4. cxd5 exd5 5. Bg5 c6 6. e3 Be7 7. Bd3 Nbd7 8.
Nge2 h6 9. Bh4 O-O 10. O-O Re8 11. Qc2 Nf8 12. f3 c5 13. Kh1 cxd4 14. Nxd4 a6
15. Rad1 Ne6 16. Bf5 Nxd4 17. Rxd4 Bxf5 18. Qxf5 Qb6 19. Bxf6 Bxf6 20. Nxd5 Qb5
21. Nxf6+ gxf6 22. Qg4+ Qg5 23. Re1 Kf8 24. h4 Qxg4 25. fxg4 Re7 26. Re2 Rc8 27.
g3 Kg7 28. Kg2 Rc1 29. Kf3 Rf1+ 30. Rf2 Re1 31. Re2 Ra1 32. a3 Rf1+ 33. Kg2 Rc1
34. Rb4 Rc5 35. Rb3 Rce5 36. Rd3 Re4 37. b4 Rxg4 38. Kf3 Rge4 39. Rd4 R4e6 40.
Kf4 Rc6 41. e4 Rc3 42. Re3 Rc1 43. Rf3 Re5 44. Kg4 h5+ 45. Kh3 Rh1+ 46. Kg2 Re1
47. Rf4 Kg6 48. Rd7 b5 49. Ra7 Re3 50. Rxa6 R5xe4 51. Rxe4 Rxe4 52. Ra5 Re5 53.
a4 Re4 54. Rxb5 Re2+ 55. Kf3 Ra2 56. a5 Ra3+ 57. Kf4 Ra2 58. Rb6 Rf2+ 59. Ke3
Rf1 60. a6 Kf5 61. Rb5+ Kg4 62. a7 Re1+ 63. Kf2 Ra1 64. Ra5 Rb1 65. a8=Q 1-0

[Event "Titled Tue 20th May Early"]
[Site "chess.com INT"]
[Date "2025.05.20"]
[Round "9"]
[White "Puzyrevsky, Semyon"]
[Black "Deboushnik De"]
[Result "1-0"]
[WhiteTitle "FM"]
[WhiteElo "2253"]
[BlackElo "2207"]
[WhiteFideId "24240931"]
[BlackFideId "25768778"]
[EventDate "2025.05.20"]

1. e4 e6 2. d4 d5 3. Nd2 c5 4. exd5 Qxd5 5. Ngf3 cxd4 6. Bc4 Qd6 7. O-O Nf6 8.
Nb3 Nc6 9. Nbxd4 Nxd4 10. Nxd4 a6 11. Re1 Qc7 12. Bf1 Be7 13. g3 O-O 14. Bg2 Rd8
15. c3 e5 16. Qe2 exd4 17. Qxe7 Qxe7 18. Rxe7 dxc3 19. Re1 c2 20. Bg5 Bf5 21.
Bxb7 Rab8 22. Bxa6 Rxb2 23. Bc4 Rc8 24. Bb3 Ne4 25. Bf4 Nc3 26. Kg2 h5 27. Rac1
Nxa2 28. Bxa2 Rxa2 29. h4 Rb2 30. Be5 Rb1 31. Bf4 Rd8 32. Kf1 Rd1 33. f3 Bd3+
34. Kf2 g6 35. Bg5 Kg7 36. Be3 f6 37. Bf4 Kf7 38. g4 hxg4 39. fxg4 Kf8 40. Bh6+
Kg8 41. Bf4 Kg7 42. Be3 f5 43. gxf5 Bxf5 44. Bg5 Kf7 45. Re7+ Kf8 46. Re1 Bd3
47. Bh6+ Kf7 48. Bg5 Be4 49. Bf4 Kf6 50. Bg5+ Kf5 51. Kf1 Ke5 52. Ke2 Bd3+ 53.
Kf2+ Kd4 54. Bf6+ Kc4 55. Bg5 Kc3 56. Bf6+ 1-0

[Event "Titled Tue 20th May Early"]
[Site "chess.com INT"]
[Date "2025.05.20"]
[Round "9"]
[White "Mirimanian, Hayk"]
[Black "Khazhatuly, Alikhan"]
[Result "0-1"]
[WhiteTitle "FM"]
[BlackTitle "CM"]
[WhiteElo "2237"]
[BlackElo "2196"]
[WhiteFideId "4700180"]
[BlackFideId "13731335"]
[EventDate "2025.05.20"]

1. d4 d5 2. c4 e6 3. Nc3 Nf6 4. cxd5 exd5 5. Bg5 c6 6. e3 h6 7. Bh4 Be7 8. Bd3
O-O 9. Nge2 Re8 10. O-O b5 11. Qc2 a5 12. f3 Be6 13. Bf2 Na6 14. a3 Rc8 15. Nf4
Bd6 16. Nxe6 fxe6 17. e4 e5 18. dxe5 Bxe5 19. exd5 Nxd5 20. Rae1 Nxc3 21. bxc3
Qd6 22. g3 Qxa3 23. Bh7+ Kh8 24. Bg6 Re7 25. Qf5 Rec7 26. Qxe5 a4 27. Bd4 Qf8
28. Qh5 Kg8 29. Re6 c5 30. Rxa6 cxd4 31. cxd4 a3 32. Re1 b4 33. Qd5+ Kh8 34.
Rae6 Rc1 35. Rxc1 Rxc1+ 36. Kg2 Rc8 37. Qe5 a2 38. d5 Ra8 39. Qa1 b3 40. d6 b2
41. Qxb2 a1=Q 42. Qxa1 Rxa1 43. Re8 Qxe8 44. Bxe8 Kg8 45. Bg6 Rd1 46. h4 Rxd6
47. h5 Kf8 48. Kf2 Ke7 49. Ke3 Kf6 50. Ke4 Re6+ 51. Kf4 Ra6 52. Bd3 Ra4+ 53. Be4
Rb4 54. Kg4 Rb2 55. Kf4 Rh2 56. Bg6 Rh1 57. Ke4 Kg5 58. Ke3 Rh2 59. Ke4 Re2+ 60.
Kd3 Rg2 61. g4 Kf4 62. Be4 Rf2 63. Kd4 Rxf3 64. Bxf3 Kxf3 65. g5 hxg5 66. Ke5
Kg4 67. h6 gxh6 0-1

[Event "Titled Tue 20th May Early"]
[Site "chess.com INT"]
[Date "2025.05.20"]
[Round "9"]
[White "Carnicelli, Valerio"]
[Black "Kvaloy, Aksel Bu"]
[Result "1/2-1/2"]
[WhiteTitle "FM"]
[BlackTitle "IM"]
[WhiteElo "2396"]
[BlackElo "2479"]
[WhiteFideId "856185"]
[BlackFideId "1528815"]
[EventDate "2025.05.20"]

1. b3 e5 2. Bb2 Nc6 3. c4 Nf6 4. e3 d6 5. Nf3 g6 6. d4 e4 7. Nfd2 Bg7 8. Nc3 Bf5
9. Be2 h5 10. a3 O-O 11. h3 h4 12. Qc2 Re8 13. O-O-O Nb8 14. g4 hxg3 15. fxg3 g5
16. g4 Bg6 17. h4 gxh4 18. Rxh4 Nh7 19. Rdh1 Ng5 20. d5 Nd7 21. Ncxe4 Ne5 22.
Kb1 c6 23. dxc6 bxc6 24. Bd3 Rb8 25. Nxg5 Qxg5 26. Bxg6 fxg6 27. Ne4 Qxe3 28.
Nxd6 Re6 29. Qh2 Qd3+ 30. Ka1 Qxd6 31. Rh8+ Kf7 32. Rf1+ Ke7 33. Qh4+ Kd7 34.
Rh7 Re7 35. Qg3 Nxc4 36. Qxd6+ Nxd6 37. Rxg7 Rxg7 38. Bxg7 Rxb3 39. Bb2 Rg3 40.
Rf4 c5 41. Ra4 Kc6 42. Rxa7 Rxg4 43. a4 Rg2 44. a5 Nc4 45. Bc3 g5 46. Ra8 g4 47.
Rg8 Kb5 48. Rg5 g3 49. Bd4 Kb4 50. Bxc5+ Kb3 51. Bd4 Rd2 52. Rb5+ Ka3 53. Bc5+
Ka4 54. Rb4+ Kxa5 55. Rxc4 g2 56. Rc1 Kb5 57. Bg1 Kb4 58. Kb1 Kb3 59. Ka1 Re2
60. Kb1 Rb2+ 61. Ka1 Rd2 62. Kb1 Re2 63. Ka1 Rc2 64. Rxc2 Kxc2 65. Ka2 Kc3 66.
Kb1 Kd2 67. Kb2 Kd1 68. Kc3 Ke2 69. Kc2 Ke1 70. Kd3 Kf1 71. Bh2 Kf2 72. Kd2 g1=Q
73. Bxg1+ 1/2-1/2

[Event "Titled Tue 20th May Early"]
[Site "chess.com INT"]
[Date "2025.05.20"]
[Round "9"]
[White "Chaulagain, Purusottam"]
[Black "Hambardzumian, Yuri"]
[Result "0-1"]
[WhiteTitle "CM"]
[BlackTitle "IM"]
[WhiteElo "1898"]
[BlackElo "2301"]
[WhiteFideId "12300730"]
[BlackFideId "13302795"]
[EventDate "2025.05.20"]

1. d4 d5 2. Nc3 Nf6 3. Bf4 a6 4. e3 c5 5. dxc5 Nc6 6. Nf3 e6 7. Na4 Bxc5 8. Nxc5
Qa5+ 9. c3 Qxc5 10. Bd3 O-O 11. O-O Re8 12. Bg5 Nd7 13. Qc2 h6 14. Bh4 b5 15. a3
Nde5 16. Nxe5 Nxe5 17. Be2 Bb7 18. Rfd1 Rac8 19. Bg3 Nc4 20. Bxc4 bxc4 21. Be5
Qc6 22. f3 a5 23. Rd4 f5 24. Rh4 Qd7 25. Qf2 Qf7 26. Qg3 Kh7 27. Qf4 Rg8 28. Qd4
Bc6 29. Rf1 Qg6 30. Rh3 Rcf8 31. Rg3 Qf7 32. Bd6 Rd8 33. Be5 Rd7 34. Rh3 Rb7 35.
Qd2 Qg6 36. Rg3 Qf7 37. Rh3 Rb6 38. g4 Qb7 39. Rf2 Qf7 40. g5 Rb7 41. gxh6 gxh6+
42. Kh1 Rg6 43. e4 dxe4 44. Rg2 exf3 45. Rxg6 Qxg6 46. Qf2 Rd7 47. Bd4 e5 48.
Rg3 Qh5 49. Bxe5 Rd1+ 50. Rg1 Rxg1+ 51. Kxg1 Qg4+ 52. Kf1 Be4 53. Ke1 Bd3 54.
Kd2 Qe4 55. Qe3 Qxe3+ 56. Kxe3 Kg6 0-1

[Event "Titled Tue 20th May Early"]
[Site "chess.com INT"]
[Date "2025.05.20"]
[Round "9"]
[White "Micic, Aleksa"]
[Black "Dovgaliuk, Oleksandr"]
[Result "1-0"]
[WhiteTitle "FM"]
[WhiteElo "2191"]
[BlackElo "2240"]
[WhiteFideId "989940"]
[BlackFideId "14167247"]
[EventDate "2025.05.20"]

1. e4 c5 2. Nf3 d6 3. d4 cxd4 4. Qxd4 Nc6 5. Qe3 Nf6 6. Be2 g6 7. O-O Bg7 8. h3
O-O 9. Rd1 Qb6 10. Nc3 Nb4 11. Qd2 Bd7 12. a3 Na6 13. Qe3 Rac8 14. Qxb6 axb6 15.
Be3 Nc5 16. e5 dxe5 17. Nxe5 Bf5 18. Nd3 h5 19. Nxc5 bxc5 20. Bd3 Be6 21. Bb5 c4
22. Rd2 Bf5 23. Rad1 e6 24. Bd4 Rfd8 25. Bb6 Rxd2 26. Rxd2 Bh6 27. Rd8+ Rxd8 28.
Bxd8 Nd5 29. Bxc4 Nxc3 30. bxc3 Bg7 31. Ba5 Bxc2 32. Bb4 Be4 33. Be2 Bc6 34. c4
e5 35. c5 e4 36. Bd1 Bd5 37. a4 f5 38. a5 Kf7 39. Be2 Bd4 40. a6 bxa6 41. Bxa6
Ke6 42. Kf1 Bc6 43. Bc4+ Bd5 44. Ba6 Kd7 45. Bb5+ Kc7 46. Be8 Bc4+ 47. Kg1 g5
48. Bxh5 Kc6 49. Bg6 Be6 50. g4 fxg4 51. hxg4 Bxg4 52. Bxe4+ Kb5 53. Ba3 Ka4 54.
Bc1 Bxc5 55. Bxg5 Kb5 56. Kg2 Bd7 57. f4 Bc6 58. Kf3 Bd6 59. f5 Be5 60. Bxc6+
Kxc6 61. Kg4 Kd6 62. Kh5 Bd4 63. Kg6 Bh8 64. Bf6 Bxf6 65. Kxf6 Kd7 66. Kg7 1-0

[Event "Titled Tue 20th May Early"]
[Site "chess.com INT"]
[Date "2025.05.20"]
[Round "9"]
[White "Mohota, Nisha"]
[Black "Popovic, Dobrivoj"]
[Result "1/2-1/2"]
[WhiteTitle "IM"]
[BlackTitle "CM"]
[WhiteElo "2161"]
[BlackElo "1945"]
[WhiteFideId "5004330"]
[BlackFideId "907103"]
[EventDate "2025.05.20"]

1. d4 Nf6 2. c4 e6 3. Nc3 Bb4 4. e3 O-O 5. Bd3 d5 6. a3 Bxc3+ 7. bxc3 dxc4 8.
Bxc4 c5 9. Ne2 Nc6 10. O-O a6 11. a4 Qe7 12. Ba3 b6 13. Rb1 Qa7 14. dxc5 Rd8 15.
cxb6 Rxd1 16. bxa7 Rxf1+ 17. Kxf1 Nxa7 18. Nd4 Ne4 19. Ne2 Bd7 20. Bxa6 Nd2+ 21.
Ke1 Nxb1 22. Bc5 Bxa4 23. Bd3 Nc6 24. Bxb1 Bb5 25. Kd2 Ra1 26. Bc2 Ra2 27. Nc1
Ra8 28. e4 f6 29. Ke3 Kf7 30. f4 Na5 31. Nb3 Nc4+ 32. Kf3 Ra2 33. Bd3 Nd2+ 34.
Nxd2 Bxd3 35. Ke3 Bb5 36. g4 Ke8 37. h4 Kd7 38. h5 h6 39. Bd4 Ra3 40. g5 e5 41.
fxe5 fxg5 42. e6+ Kxe6 43. Bxg7 Ra1 44. Bxh6 Rh1 45. Bxg5 Rxh5 46. Nf3 Rh3 47.
Kf4 Bc6 48. Nd4+ Kd7 49. Nxc6 Kxc6 50. c4 Rc3 51. Kf5 Rxc4 52. e5 Kd7 53. e6+
Ke8 54. Bf6 Rc1 55. Ke5 Re1+ 56. Kf5 Rf1+ 57. Ke5 Rxf6 58. Kxf6 Kf8 59. Ke5 Ke7
60. Kf5 Ke8 61. Kf6 Kf8 62. Ke5 Ke7 63. Kd5 Ke8 64. Ke4 Ke7 65. Kf5 Ke8 66. Ke5
Ke7 1/2-1/2

[Event "Titled Tue 20th May Early"]
[Site "chess.com INT"]
[Date "2025.05.20"]
[Round "9"]
[White "Xue, Haowen"]
[Black "Andreikin, Dmitry"]
[Result "1/2-1/2"]
[WhiteTitle "GM"]
[BlackTitle "GM"]
[WhiteElo "2518"]
[BlackElo "2695"]
[WhiteFideId "8625492"]
[BlackFideId "4158814"]
[EventDate "2025.05.20"]

1. d4 Nf6 2. c4 g6 3. Nf3 Bg7 4. Nc3 O-O 5. e4 d6 6. Be2 Bg4 7. O-O Nfd7 8. Be3
Nc6 9. Ne1 Bxe2 10. Nxe2 e5 11. d5 Ne7 12. Nd3 f5 13. f3 Nf6 14. Nc3 c6 15. Qe2
cxd5 16. cxd5 a6 17. Rac1 Rc8 18. Rc2 Kh8 19. Rfc1 Qd7 20. b3 fxe4 21. fxe4 Ng4
22. Bb6 Bh6 23. Re1 Ng8 24. h3 N4f6 25. Be3 Nxe4 26. Nxe5 Nxc3 27. Nxd7 Nxe2+
28. Rcxe2 Bxe3+ 29. Rxe3 Rf7 30. Nb6 Rc2 31. R1e2 Rc1+ 32. Kh2 h5 33. Nc4 Rff1
34. Kg3 g5 35. Nxd6 Rf4 36. Rf3 h4+ 37. Kf2 Rxf3+ 38. Kxf3 Nf6 39. Re5 Rc3+ 40.
Kf2 Rc2+ 41. Kf3 Rc3+ 42. Re3 Rxe3+ 43. Kxe3 Nxd5+ 44. Kd4 Nf4 45. Nf7+ Kg7 46.
Nxg5 Nxg2 47. Ke4 Kf6 48. Nf3 a5 49. a4 b6 50. Ne5 Ke6 51. Nc4 Ne1 52. Nxb6 Kd6
53. Nc4+ Kc5 54. Nxa5 Nc2 55. Nc4 Nd4 56. Nd2 Ne6 57. Nf3 Kb4 58. Nxh4 Ng5+ 59.
Kd3 Kxb3 60. a5 Nxh3 61. a6 Nf4+ 62. Ke4 Ne6 63. Ke5 Nc7 64. a7 Kc4 65. Nf5 Kb5
66. Ne7 Kb6 67. Kd6 Kxa7 1/2-1/2

[Event "Titled Tue 20th May Early"]
[Site "chess.com INT"]
[Date "2025.05.20"]
[Round "9"]
[White "Popov, Konstantin"]
[Black "Schnaider, Ilan"]
[Result "1-0"]
[WhiteTitle "FM"]
[BlackTitle "IM"]
[WhiteElo "2378"]
[BlackElo "2388"]
[WhiteFideId "34137910"]
[BlackFideId "169013"]
[EventDate "2025.05.20"]

1. e4 c6 2. d4 d5 3. e5 c5 4. dxc5 e6 5. Bd3 Nd7 6. Nf3 Nxc5 7. Be2 Ne7 8. O-O
Nc6 9. Re1 Be7 10. a3 O-O 11. b4 Nd7 12. Bd3 f6 13. exf6 Bxf6 14. Ra2 Nde5 15.
Nxe5 Nxe5 16. Bf1 Ng6 17. c4 d4 18. Nd2 e5 19. Ne4 a5 20. b5 Be6 21. Bd3 Rc8 22.
Rc2 b6 23. a4 Be7 24. Bd2 Nf4 25. Bxf4 Rxf4 26. Qe2 Bb4 27. Rec1 Qe7 28. Ng3 Bd6
29. f3 Qf7 30. Ne4 Be7 31. c5 Bb3 32. cxb6 Bxc2 33. Rxc2 Rxc2 34. Qxc2 Qe8 35.
Qc7 Rf8 36. b7 Bb4 37. Ng5 e4 38. Nxe4 Qb8 39. Qd7 Qd8 40. Qe6+ Kh8 41. g3 Qe8
42. Qd5 Qd8 43. Qxd8 Rxd8 44. Ng5 Rb8 45. Be4 d3 46. Kf2 d2 47. Ke2 h6 48. Nf7+
Kg8 49. Ne5 Bd6 50. Nd7 Rd8 51. Bc6 Bc7 52. Kxd2 Kf7 53. Kc3 Ke7 54. Nc5 Bb6 55.
Na6 Ba7 56. b6 Bb8 57. Kc4 Kd6 58. Be4 Kd7 59. Kb5 Bd6 60. Kxa5 h5 61. Kb5 g5
62. a5 Be5 63. Nc5+ Kd6 64. a6 Bd4 65. Nb3 Be3 66. a7 g4 67. b8=Q+ Rxb8 68.
axb8=Q+ Kd7 69. fxg4 Bf4 70. Qxf4 hxg4 71. Qxg4+ Kd6 72. Qg7 Ke6 73. Nc5+ Kd6
74. Qf6# 1-0

[Event "Titled Tue 20th May Early"]
[Site "chess.com INT"]
[Date "2025.05.20"]
[Round "9"]
[White "Alcazar Jimenez, Jesus Alberto"]
[Black "Vingris, Mikelis"]
[Result "1/2-1/2"]
[WhiteTitle "FM"]
[WhiteElo "2141"]
[BlackElo "2102"]
[WhiteFideId "2209756"]
[BlackFideId "11611731"]
[EventDate "2025.05.20"]

1. e4 e5 2. Nf3 Nc6 3. Bc4 Nf6 4. d3 Bc5 5. c3 O-O 6. O-O d6 7. Bb3 Bb6 8. h3
Ne7 9. Re1 Ng6 10. Nbd2 Be6 11. Nf1 Qd7 12. Bxe6 fxe6 13. Be3 Bxe3 14. Nxe3 Nf4
15. Kh2 N6h5 16. g3 Ng6 17. Ng4 h6 18. Kg2 Rf7 19. Nfh2 Raf8 20. Qd2 Qe7 21. Rf1
Nhf4+ 22. gxf4 Nxf4+ 23. Kg3 Nh5+ 24. Kg2 Qh4 25. Qe3 Nf4+ 26. Kh1 h5 27. Qg3
Qxg3 28. fxg3 Nxh3 29. Rxf7 Rxf7 30. Ne3 Rf2 31. Rb1 g5 32. Nhf1 g4 33. a3 Re2
34. Ng2 Kg7 35. Nfe3 Nf2+ 36. Kg1 Nxd3 37. b4 b5 38. c4 bxc4 39. Nxc4 Rxe4 40.
Na5 c5 41. b5 Ra4 42. Nc6 Rxa3 43. Ne3 d5 44. Nc2 Ra2 45. Ne3 c4 46. Nd1 h4 47.
gxh4 g3 48. Ne3 Nf2 49. Nxe5 c3 50. Nf3 Nh3+ 51. Kh1 Nf4 52. Nd4 e5 53. Nef5+
Kf6 54. Nd6 exd4 55. Ne8+ Ke7 56. Nc7 Kd6 57. b6 a6 58. b7 g2+ 59. Kh2 Ne2 60.
b8=Q g1=Q+ 61. Rxg1 Nxg1+ 62. Kxg1 Kc6 63. Nxa6 Rxa6 64. Qc8+ Kb5 65. Qd7+ Rc6
66. Qxd5+ Rc5 67. Qxd4 c2 68. Qd3+ Kb4 69. Qd4+ Rc4 70. Qd2+ Kb3 71. Qc1 Kc3 72.
Kf2 Rxh4 73. Ke2 Rc4 74. Qd2+ Kb3 75. Qc1 Rc3 76. Kd2 Rc4 77. Kd3 Rc3+ 78. Kd2
Rc8 79. Kd3 Rd8+ 80. Ke2 Rd1 81. Qxd1 cxd1=Q+ 82. Kxd1 1/2-1/2

[Event "Titled Tue 20th May Early"]
[Site "chess.com INT"]
[Date "2025.05.20"]
[Round "9"]
[White "Korchynskyi, Mykola"]
[Black "Ter-Sahakyan, Samvel"]
[Result "0-1"]
[WhiteTitle "FM"]
[BlackTitle "GM"]
[WhiteElo "2325"]
[BlackElo "2611"]
[WhiteFideId "34138005"]
[BlackFideId "13302531"]
[EventDate "2025.05.20"]

1. d4 Nf6 2. Nf3 d5 3. Bf4 c5 4. e3 Nc6 5. c3 Qb6 6. b3 cxd4 7. exd4 Bg4 8. Nbd2
e6 9. Bd3 Be7 10. O-O O-O 11. h3 Bh5 12. Rc1 Rac8 13. b4 Qd8 14. Nb3 Bd6 15. Bg5
b6 16. Re1 Ne7 17. g4 Bg6 18. Ne5 Bxd3 19. Qxd3 Ne4 20. Bxe7 Bxe7 21. f3 Nd6 22.
b5 Nc4 23. Nc6 Qc7 24. f4 Ba3 25. Rc2 a6 26. Ne5 axb5 27. Nd2 Nxd2 28. Qxd2 Bd6
29. Rb1 b4 30. Rb3 Rfd8 31. Nd3 bxc3 32. Rbxc3 Qb7 33. Ne5 Bxe5 34. fxe5 Rxc3
35. Qxc3 h6 36. Kf2 Ra8 37. Qb3 Qa6 38. Rb2 Qa3 39. Qxa3 Rxa3 40. Rxb6 Rxa2+ 41.
Kg3 Ra4 42. Rb8+ Kh7 43. Rf8 Kg6 44. h4 Rxd4 45. h5+ Kg5 46. Rxf7 Rxg4+ 47. Kf3
Re4 48. Rxg7+ Kxh5 49. Rg1 Rxe5 50. Kf4 Re4+ 51. Kf3 Kh4 52. Rh1+ Kg5 53. Rg1+
Kf5 54. Rh1 Kg6 55. Rg1+ Kf6 56. Rh1 Ke5 57. Rxh6 Kd4 58. Rh1 Re3+ 59. Kf2 e5
60. Rd1+ Rd3 61. Ra1 e4 62. Ra4+ Ke5 63. Ke2 Rh3 64. Ra8 Rh2+ 65. Ke1 Kf4 66.
Ra4 d4 67. Ra8 Ke3 68. Ra3+ d3 69. Kf1 Rh1+ 70. Kg2 Rc1 71. Rb3 Ke2 72. Rb4 e3
73. Rb2+ d2 74. Rb6 Ke1 75. Re6 d1=Q 76. Rxe3+ Qe2+ 77. Kg1 Qxe3+ 78. Kh1 Kf2+
79. Kh2 Qh6# 0-1

[Event "Titled Tue 20th May Early"]
[Site "chess.com INT"]
[Date "2025.05.20"]
[Round "9"]
[White "Avramidou, Anastasia"]
[Black "Haug, Havard"]
[Result "0-1"]
[WhiteTitle "FM"]
[BlackTitle "FM"]
[WhiteElo "2294"]
[BlackElo "2354"]
[WhiteFideId "4239873"]
[BlackFideId "1547887"]
[EventDate "2025.05.20"]

1. Nf3 d5 2. d4 Nf6 3. c4 e6 4. Nc3 a6 5. cxd5 exd5 6. Bg5 Be7 7. e3 h6 8. Bxf6
Bxf6 9. Bd3 O-O 10. h3 Re8 11. O-O c6 12. b4 Nd7 13. a4 Nf8 14. b5 axb5 15. axb5
Rxa1 16. Qxa1 Ne6 17. bxc6 bxc6 18. Qa2 Bd7 19. Rc1 Qa8 20. Ra1 Qxa2 21. Rxa2
Rb8 22. Bc2 Be8 23. Kf1 Rd8 24. Bb3 Nc5 25. Bc2 Ne6 26. Bb3 Rb8 27. Bc2 g6 28.
Ke2 Kg7 29. Kd2 Rd8 30. Ba4 c5 31. Bxe8 cxd4 32. exd4 Rxe8 33. Nxd5 Bxd4 34.
Nxd4 Nxd4 35. Ne3 Rd8 36. Ke1 Rb8 37. f3 Ne6 38. Kf2 Nf4 39. Rd2 Rb3 40. Nd5
Nd3+ 41. Ke2 Ne5 42. Kf2 h5 43. Ke2 h4 44. Kf2 g5 45. Ne3 Nd3+ 46. Ke2 Nf4+ 47.
Kf2 Kg6 48. Nd5 Nd3+ 49. Ke2 Nc5 50. Kf2 Ne6 51. Ke2 Ra3 52. Kf2 Ra5 53. Ne3 Nf4
54. Ng4 Ra6 55. Ne5+ Kg7 56. Ng4 f6 57. Ne3 Kg6 58. Ng4 Ra3 59. Rc2 Nh5 60. Rc6
Ra2+ 61. Kg1 Ra1+ 62. Kf2 Kg7 63. Rc7+ Kf8 64. Rc8+ Ke7 65. Rc7+ Kd6 66. Rf7 Ke6
67. Rb7 Ra2+ 68. Kg1 Nf4 69. Rb6+ Ke7 70. Ne3 Ne2+ 71. Kh2 Ra1 72. Nf5+ Kf7 73.
g3 Ra2 74. Kh1 hxg3 75. Rb1 g2+ 0-1

[Event "Titled Tue 20th May Early"]
[Site "chess.com INT"]
[Date "2025.05.20"]
[Round "9"]
[White "Murawski, Jan"]
[Black "Kjartansson, Gudmundur"]
[Result "1/2-1/2"]
[WhiteTitle "CM"]
[BlackTitle "GM"]
[WhiteElo "2191"]
[BlackElo "2437"]
[WhiteFideId "21009287"]
[BlackFideId "2301318"]
[EventDate "2025.05.20"]

1. c4 e5 2. Nc3 Nf6 3. Nf3 Nc6 4. e4 Bb4 5. d3 d6 6. a3 Bc5 7. Be2 Nd4 8. Nxd4
Bxd4 9. O-O O-O 10. Kh1 h6 11. f4 exf4 12. Bxf4 Be5 13. d4 Bxf4 14. Rxf4 Re8 15.
Qd3 c5 16. Rd1 Qe7 17. Rdf1 cxd4 18. Qxd4 Qe5 19. Qxe5 dxe5 20. Rxf6 gxf6 21.
Nd5 Kg7 22. Nc7 Be6 23. Nxa8 Rxa8 24. Rd1 Rc8 25. b3 a5 26. a4 Rc6 27. Kg1 Rb6
28. Rd3 Kf8 29. Kf2 Ke7 30. Ke3 f5 31. exf5 Bxf5 32. Rc3 Bb1 33. c5 Rg6 34. Bf3
e4 35. Be2 Rxg2 36. c6 bxc6 37. Rxc6 f5 38. Rc1 Ba2 39. Rc5 f4+ 40. Kxe4 Rxe2+
41. Kxf4 Bxb3 42. Rxa5 Rxh2 43. Re5+ Kd6 44. Rf5 Be6 45. Ra5 h5 46. Kg3 Rh3+ 47.
Kg2 Ra3 48. Rxh5 Rxa4 49. Rg5 Ra3 50. Kf2 Bd5 51. Rg3 Ra2+ 52. Ke3 Kc5 53. Kf4
Rf2+ 54. Ke5 Re2+ 55. Kf4 Kd4 56. Rg5 Rf2+ 57. Kg4 Rf8 58. Kh4 Be4 59. Kg4 Ke3
60. Kg3 Rf3+ 61. Kg4 Rf1 62. Kg3 Rg1+ 63. Kh4 Rh1+ 64. Kg4 Bf3+ 65. Kg3 Rh6 66.
Re5+ Be4 67. Rg5 Rf6 68. Kg4 Rf7 69. Kg3 Bf3 70. Re5+ Be4 71. Rg5 Rf1 72. Kg4
Rg1+ 73. Kh5 Rh1+ 74. Kg4 Bd5 75. Rxd5 Rg1+ 76. Kf5 Rf1+ 77. Ke6 Ke4 78. Re5+
Kd4 79. Rd5+ Kc4 80. Re5 Rd1 81. Kf5 Rd4 82. Ke6 Kd3 83. Kf5 Kc4 84. Re4 Rxe4
85. Kxe4 1/2-1/2

[Event "Titled Tue 20th May Early"]
[Site "chess.com INT"]
[Date "2025.05.20"]
[Round "9"]
[White "Jake Shanty"]
[Black "Omariev, Maksim"]
[Result "1-0"]
[WhiteTitle "FM"]
[BlackTitle "FM"]
[WhiteElo "2252"]
[BlackElo "2304"]
[WhiteFideId "33478066"]
[BlackFideId "4193423"]
[EventDate "2025.05.20"]

1. Nf3 d5 2. e3 c6 3. b3 Nf6 4. Bb2 Bf5 5. d4 e6 6. Bd3 Bxd3 7. Qxd3 Bd6 8. Nbd2
O-O 9. O-O Nbd7 10. c4 Re8 11. e4 dxe4 12. Nxe4 Nxe4 13. Qxe4 Qf6 14. Rad1 a5
15. Rfe1 a4 16. Qc2 axb3 17. Qxb3 Qe7 18. c5 Bf4 19. g3 Bh6 20. Kg2 Ra7 21. Bc1
Bxc1 22. Rxc1 Rea8 23. Rc2 Nf6 24. Ne5 Nd5 25. Nc4 Qf6 26. Rd1 h5 27. h4 Qg6 28.
Rb2 Qg4 29. Rdd2 Nf4+ 30. Kg1 g5 31. Ne5 Nh3+ 32. Kh2 Qf5 33. hxg5 Nxg5 34. Qe3
Ra3 35. Qe2 Ne4 36. Rd3 Rxd3 37. Nxd3 Ra3 38. Kg2 Nf6 39. Nf4 Ng4 40. Nh3 Qd5+
41. Kg1 Qxd4 42. Rd2 Qxc5 43. Rd8+ Kg7 44. Nf4 Rc3 45. Kg2 Rc2 46. Nxh5+ Qxh5
47. Qxc2 Qh2+ 48. Kf3 Ne5+ 49. Ke4 Ng6 50. Qc3+ Kh7 51. Qf3 Qg1 52. Qxf7+ Kh6
53. Qf3 Qa1 54. Qe3+ Kg7 55. Rd7+ Kf6 56. Kf3 Ne5+ 57. Kg2 Nxd7 58. Qf4+ Ke7 59.
Qb4+ Kf7 60. Qxb7 Qd4 61. Qxc6 Qd5+ 62. Qxd5 exd5 63. Kf3 Ke6 64. Ke3 Ne5 65. f3
Nc4+ 66. Kd4 Nd6 67. g4 Nb5+ 68. Kd3 Ke5 69. a4 Nd6 70. a5 Nb7 71. a6 Nc5+ 72.
Ke3 Nxa6 73. f4+ Kd6 74. g5 Nc5 75. g6 Ne6 76. f5 Ng7 77. f6 Nf5+ 78. Kf4 Ke6
79. f7 Ne7 80. Kg5 1-0

[Event "Titled Tue 20th May Early"]
[Site "chess.com INT"]
[Date "2025.05.20"]
[Round "9"]
[White "Teh, Wee Zhun"]
[Black "Le, Minh Tu"]
[Result "0-1"]
[WhiteTitle "CM"]
[BlackTitle "FM"]
[WhiteElo "2010"]
[BlackElo "1932"]
[WhiteFideId "5707277"]
[BlackFideId "12404888"]
[EventDate "2025.05.20"]

1. d4 d5 2. c4 dxc4 3. e4 e5 4. Nf3 exd4 5. Bxc4 Bb4+ 6. Nbd2 Nc6 7. O-O Nf6 8.
e5 Nd5 9. Ne4 Be6 10. Nxd4 Nxd4 11. Qxd4 Be7 12. Rd1 Nb6 13. Bb5+ c6 14. Be2
Qxd4 15. Rxd4 O-O 16. Bg5 Bxg5 17. Nxg5 Bd5 18. b3 h6 19. Ne4 Rfe8 20. f4 Bxe4
21. Rxe4 Rad8 22. Rd1 Rxd1+ 23. Bxd1 Rd8 24. Bf3 Rd2 25. Re2 Rd4 26. g3 Nd5 27.
Kf2 Nb4 28. Ke3 Rd8 29. a3 Nd5+ 30. Bxd5 Rxd5 31. Rd2 Rxd2 32. Kxd2 Kf8 33. Kd3
Ke7 34. Ke4 g6 35. g4 b6 36. f5 gxf5+ 37. gxf5 Kd7 38. Kd4 Ke7 39. h4 Kd7 40. b4
Ke7 41. a4 a6 42. Kc4 Kd7 43. b5 axb5+ 44. axb5 c5 45. Kd5 Ke7 46. Ke4 Kd7 47.
Kd5 Ke7 48. h5 Kd7 49. Ke4 Ke7 50. Kd5 Kd7 51. Kc4 Ke7 52. Kc3 Kd7 53. Kd3 Ke7
54. Ke4 Kd7 55. Kf4 Ke7 56. Ke3 Kd7 57. Kd3 Ke7 58. Kc4 Kd7 59. Kd5 Ke7 60. Ke4
Kd7 61. Ke3 Ke7 62. Kd3 Kd7 63. Kc3 Ke7 64. Kc4 f6 65. Kd5 fxe5 66. Kxe5 Kf7 67.
Kd5 Kf6 68. Kc6 c4 69. Kxb6 c3 70. Ka6 c2 71. b6 c1=Q 72. b7 Qb1 73. Ka7 Kxf5
74. b8=Q Qxb8+ 75. Kxb8 Kg5 76. Kc7 Kxh5 77. Kd6 Kg4 78. Ke5 h5 79. Ke4 Kg3 80.
Ke3 h4 81. Ke2 Kg2 82. Ke1 h3 0-1